Online Catalogue and eLibrary

The post-colonial critic : (Record no. 298)

MARC details
000 -LEADER
fixed length control field 00699cam a2200217 a 4500
001 - CONTROL NUMBER
control field 3870810
005 - DATE AND TIME OF LATEST TRANSACTION
control field 20240206021130.0
008 - FIXED-LENGTH DATA ELEMENTS--GENERAL INFORMATION
fixed length control field 890616s1990 nyu 000 0 eng
020 ## - INTERNATIONAL STANDARD BOOK NUMBER
ISBN 0415901693
020 ## - INTERNATIONAL STANDARD BOOK NUMBER
ISBN 0415901707 (pbk.)
040 ## - CATALOGING SOURCE (பட்டியலாக்க மூலம்)
Original cataloging agency DLC
Transcribing agency DLC
Modifying agency DLC
082 00 - DDC Classification
Class No. 306/.09
DDC Edition Number 20
Item Number - Author Mark GAY.
100 1# - MAIN ENTRY--PERSONAL NAME
Personal name Spivak, Gayatri Chakravorty.
245 14 - TITLE STATEMENT
Title The post-colonial critic :
Remainder of title interviews, strategies, dialogues /
Statement of responsibility, etc. Gayatri Chakravorty Spivak ; edited by Sarah Harasym.
260 ## - PUBLICATION, DISTRIBUTION, ETC.
Place of publication, distribution, etc. New York :
Name of publisher, distributor, etc. Routledge,
Date of publication, distribution, etc. 1990.
300 ## - PHYSICAL DESCRIPTION
Extent (e.g. Volumes, Pages etc.) viii, 168 p. ;
650 #0 - SUBJECT ADDED ENTRY--TOPICAL TERM
Topical term or geographic name entry element Social history
700 1# - ADDED ENTRY--PERSONAL NAME
Personal name Harasym, Sarah,
Relator term (Role) Editor
856 42 - ELECTRONIC LOCATION AND ACCESS
Uniform Resource Identifier <a href="http://www.loc.gov/catdir/enhancements/fy0651/89010470-d.html">http://www.loc.gov/catdir/enhancements/fy0651/89010470-d.html</a>
942 ## - Koha item type (Biblio)
Koha item type Books in Stacks (Lending)
Holdings
Lost status Damaged status Collection code Home library Current library Date acquired Full call number Accession Number Item type
    Lending WERC Library WERC Library 02/06/2024 306/.09 GAY. 5172 Books in Stacks (Lending)

© WERC Library